• 首页
  • 本馆介绍
  • 公告通知
  • 最新文献
  • 馆藏检索
  • 电子资源
  • 读者导购
  • 参考咨询
  • 我的图书馆
  • 登录
  • 详细信息显示
  • 放入我的书架
  • 预约/预借图书
  • 作者相关作品
  • 分类相关作品
  • 丛书相关作品
  • 出版社相关作品

书目信息

  • 表格格式
  • 工作单格式
  • 卡片格式
题名:
东京梦华录译注
    
 
作者: 王莹 译注
分册:  
出版信息: 上海   上海三联书店  2018
页数: 297页
开本: 21cm
丛书名: 国学经典
单 册:
中图分类: K296.13 , K296.1
科图分类:
主题词:
电子资源:
ISBN: 978-7-5426-6358-0
000 01110nam 2200289 450
001 012001006509
005 20191023142544.68
010    @a978-7-5426-6358-0@dCNY25.80
099    @aCAL 012018133832
100    @a20180828d2018 em y0chiy50 ea
101 0  @achi
102    @aCN@b310000
105    @ay z 000yy
106    @ar
200 1  @a东京梦华录译注@Adong jing meng hua lu yi zhu@f王莹译注
205    @a第2版
210    @a上海@c上海三联书店@d2018
215    @a297页@d21cm
225 2  @a国学经典@Aguo xue jing dian
330    @a本书是宋代孟元老的笔记体散记文, 是一本追述北宋都城东京开封府城市风貌的著作。所记大多是宋徽宗崇宁到宣和( 1102~ 1125) 年间北宋都城东京开封的情况, 为我们描绘了这一历史时期居住在东京的上至王公贵族、下及庶民百姓的日常生活情景, 是研究北宋都市社会生活、经济文化的一部极其重要的历史文献古籍。《东京梦华录》凡十卷, 约三万言。
410  0 @12001 @a国学经典
607    @a开封市@Akai feng shi@x地方史@x史料@z北宋
690    @aK296.13@v4
690    @aK296.1@v4
701  0 @a王莹@Awang ying@4译注
801  0 @aCN@b上海新华@c20191020
905    @b1099767-70@dK296.13@e408=2@f4
    
    东京梦华录译注/王莹译注.-第2版.-上海:上海三联书店,2018
    297页;21cm.-(国学经典)
    
    
    ISBN 978-7-5426-6358-0:CNY25.80
    本书是宋代孟元老的笔记体散记文, 是一本追述北宋都城东京开封府城市风貌的著作。所记大多是宋徽宗崇宁到宣和( 1102~ 1125) 年间北宋都城东京开封的情况, 为我们描绘了这一历史时期居住在东京的上至王公贵族、下及庶民百姓的日常生活情景, 是研究北宋都市社会生活、经济文化的一部极其重要的历史文献古籍。《东京梦华录》凡十卷, 约三万言。
●
相关链接 在E读中查询图书 在五车中查询图书 在当当中查询图书 在豆瓣中查询图书


正题名:东京梦华录译注     索取号:K296.13/408=2         预约/预借

序号 登录号 条形码 馆藏地/架位号 状态 备注
1 1099767   210997670   第二样本阅览室/ [索取号:K296.13/408=2] 在馆    
2 1099768   210997689   第二借阅区/ [索取号:K296.13/408=2] 在馆    
3 1099769   210997698   第二借阅区/ [索取号:K296.13/408=2] 在馆    
4 1099770   210997705   第二借阅区/ [索取号:K296.13/408=2] 在馆    
唐山师范学院图书馆 欢迎您!
大连网信软件有限公司© 版权所有